|
|
|
|
| LEADER |
00000cas a2200000 a 4500 |
| 003 |
Ucuenca |
| 005 |
20230308225655.0 |
| 008 |
006091|1993 ec |||||r|||||||||||spa|| |
| 040 |
|
|
|b spa
|
| 041 |
1 |
|
|a spa
|
| 082 |
0 |
|
|a 405
|b A168m
|
| 110 |
2 |
|
|a Academia Ecuatoriana de la Lengua.
|9 103751
|
| 245 |
|
|
|a Memorias de la Academia Ecuatoriana correspondiente de la Real Española
|c Academia Ecuatoriana de la Lengua
|h imp
|
| 264 |
|
|
|a Quito
|b Academia Ecuatoriana de la Lengua
|c 1993
|
| 300 |
|
|
|a 238 páginas:
|c 20 cm
|
| 362 |
|
|
|a no. 60 (1993)
|
| 504 |
|
|
|a incl. ref.
|
| 650 |
1 |
|
|a Memorias de la academia ecuatoriana
|9 7308
|
| 650 |
|
0 |
|a Castellano
|9 8934
|
| 852 |
|
|
|a UC-CDJBV
|
| 942 |
|
|
|c SER
|
| 999 |
|
|
|c 153556
|d 153556
|